100 Greatest Britons - Statistics

General Stats
  • This quiz has been taken 152 times
  • The average score is 41 of 100
Answer Stats
Hint Answer % Correct
Queen E Elizabeth I
91%
Prime Minister WC Churchill
89%
King H Henry
85%
King H Henry
85%
King H Henry
85%
Queen V Victoria
83%
Footballer DB Beckham
79%
Princess D Diana
79%
King A Arthur
78%
Author JKR Rowling
78%
King E Edward
74%
Musician JL Lennon
74%
Prime Minister MT Thatcher
74%
Admiral HN Nelson
73%
Naturalist CD Darwin
71%
Nurse FN Nightingale
68%
Prime Minister TB Blair
67%
Queen E Elizabeth II
66%
Pop Star CR Richard
66%
King R Richard
66%
Author WS Shakespeare
66%
Author CD Dickens
65%
King A Alfred
61%
Musician PM McCartney
60%
Author JA Austen
57%
Traitor GF Fawkes
57%
Singer BG George
56%
Prime Minister DLG George
56%
Astrophysicist SH Hawking
56%
Inventor IN Newton
56%
Chemist AF Fleming
54%
Musician GH Harrison
54%
Inventor JH Harrison
54%
Discoverer JC Cook
52%
Pop Star FM Mercury
52%
Musician DB Bowie
51%
Engineer IKB Brunel
51%
King RtB Robert the Bruce
49%
Author JRRT Tolkien
49%
Inventor AGB Bell
48%
Pop Star RW Williams
46%
Discoverer FD Drake
45%
Soldier TEL Lawrence
45%
Presenter DA Attenborough
44%
Scout RB-P Baden Powell
44%
Composer EE Elgar
44%
Footballer BM Moore
44%
Entrepreneur RB Branson
43%
Actor RB Burton
43%
Physicist MF Faraday
43%
Explorer RFS Scott
43%
Explorer DL Livingstone
41%
Author TM More
41%
Actress JA Andrews
39%
Actor CC Chaplin
39%
Politician EP Powell
39%
Musician B Bono
37%
Soldier OC Cromwell
37%
Inventor JW Watt
37%
Activist EP Pankhurst
35%
Explorer ES Shackleton
35%
Explorer WR Raleigh
34%
Knight WW Wallace
34%
Physician EJ Jenner
32%
Comedian EM Morecambe
30%
Inventor TB-L Berners-Lee
28%
Inventor AT Turing
28%
Inventor JLB Baird
24%
Printer WC Caxton
24%
Soldier BLM Montgomery
24%
Sportsman SR Redgrave
24%
Poet WB Blake
23%
Queen E Elizabeth the Queen Mother
22%
Philosopher TP Paine
20%
Inventor CB Babbage
17%
Physicist JCM Maxwell
16%
Religious activist JW Wesley
16%
Aviator DB Bader
13%
Author GC Chaucer
13%
Pop Star BG Geldof
13%
Politician WW Wilberforce
13%
Queen B Boudicea
12%
Presenter JP Peel
12%
Inventor GS Stephenson
12%
Politician AWB Benn
11%
Politician AB Bevan
11%
Actor MC Crawford
11%
Pilot LC Cheshire
10%
Engineer FW Whittle
9%
Activist WB Booth
7%
Campaigner MS Stopes
7%
Scolar WT Tyndale
6%
Prime Minister AW Wellesley
6%
Sportsman DC Campbell
5%
Prince OG Glyndwr
5%
Soldier UW Unknown Warrior
5%
Inventor BW Wallis
5%
Poet AC Crowley
4%
Pop Star JL Lydon
4%
Politician JC Connolly
2%
No matching quizzes found
Score Distribution
Percent of People with Each Score
Percentile by Number Answered
Your Score History
You have not taken this quiz